| 000 | 00731nam a2200193 a 4500 | ||
|---|---|---|---|
| 001 | 000038454 | ||
| 005 | 20201002031250.0 | ||
| 008 | 130411s2011 dr 000 0 spa d | ||
| 020 | _a9789993480129 | ||
| 040 |
_aDO-SdBNP _bspa _cBNPHU |
||
| 100 | 1 |
_aCivolani Hischnjakow, Katerina _964797 |
|
| 245 | 1 | 0 |
_aVidas suspendidas : _befectos de la resolución 012-07 en la población dominicana de ascendencia haitiana / _cKaterina Civolani Hischnjakow. |
| 260 |
_aSanto Domingo : _bCentro Bonó, _c2011. |
||
| 300 |
_a87 p. ; _c24 cm. |
||
| 500 | _aIncluye datos biográficos de la autora en la solapa de la cubierta | ||
| 500 | _aIncluye notas al pie de las páginas | ||
| 500 | _aIncluye anexos | ||
| 504 | _aBibliografía : p. 79-80 | ||
| 999 |
_c37944 _d37944 |
||